Intruso en casa propia: Joaquín García Monge / Fernando Herrera

Gorde:
Xehetasun bibliografikoak
Egile nagusia: Herrera, Fernando
Formatua: Liburua
Hizkuntza:Undetermined
Argitaratua: San José, Costa Rica El hombre que parecía un caballo y otros cuentos 2007
Gaiak:
Etiketak: Etiketa erantsi
Etiketarik gabe, Izan zaitez lehena erregistro honi etiketa jartzen!

MARC

LEADER 00000nam a2200000Ia 4500
008 170316s9999 xx 000 0 und d
040 |a cru BVZT 
090 |a B-868 H-2i 
100 |a Herrera, Fernando 
245 |a Intruso en casa propia: Joaquín García Monge / Fernando Herrera 
260 |a San José, Costa Rica 
260 |b El hombre que parecía un caballo y otros cuentos 
260 |c 2007 
300 |a 223 páginas 
650 |a LITERATURA COSTARRICENSE 
650 |a BIOGRAFÍA 
650 |a GARCÍA MONGE JOAQUÍN 
999 |c 12801  |d 12801 
942 |c 15 D  |h B-868 H-2i  |2 z